Statistics for Infinity War

Click here to take the quiz!

General Stats

  • This quiz has been taken 22 times
  • The average score is 20 of 24

Answer Stats

HintAnswer% Correct
King of WakandaBlack Panther
100%
Billionaire playboyIron Man
100%
Nemesis of UltronVision
95%
God of ThunderThor
95%
Green gamma guyHulk
95%
Girlfriend of aboveScarlet Witch
95%
This man needs a shieldCaptain America
95%
Neurosurgeon turned magician after accidentDr. Strange
90%
Smart sister of aboveShuri
90%
RabbitRocket Raccoon
85%
Boyfriend of 2 aboveStar-Lord
80%
Handle of StormbreakerGroot
80%
Sister of aboveNebula
80%
"Why is" this characterGamora
80%
Reads emotionsMantis
80%
Changed hair colorBlack Widow
80%
Loves "really old" moviesSpiderman
75%
Guardian of the soul stoneRed skull
75%
Controls the BifrostHeimdall
75%
Can't see him when he's standing stillDrax
75%
Really loves his gloveThanos
70%
Wakanda warriorOkoye
65%
SquidwardEbony Maw
60%
Runs a forgeEitri
40%

Score Distribution

Percentile by Number Answered

Percent of People with Each Score

Your Score History

You have not taken this quiz